000 00822nam a22002412 4500
001 0000003262
005 20151217151920.0
008 070502s xx 000 0 eng d
020 _a9966949054 :
040 _aKABU
_cKABU
050 0 _aHD9198
_b.K4N932
100 1 _aNyangito, Hezron O.
_@0000149687
245 1 0 _aPolicy and legal framework for the tea sub-sector and the impact of liberalization in Kenya.
260 _aNairobi :
_bKIPPRA,
_c2001.
300 _axi, 24 p.
650 0 _aTea trade
_xGovernment policy
_zKenya.
_@0000152915
852 1 _9p200 KES
908 _a070502
950 _@1
999 _c6317
_d6317